Statistics for Highest % of Women in Big US Cities

Click here to take the quiz!

General Stats

  • This quiz has been taken 15 times
    (7 since last reset)
  • The average score is 23 of 28

Answer Stats

CityPercent Female Population% Correct
Detroit52.85%
100%
Portland50.41%
100%
Boston51.88%
86%
Charlotte52.04%
86%
Chicago51.48%
86%
Dallas50.85%
86%
Denver50.02%
86%
Indianapolis51.60%
86%
Jacksonville51.71%
86%
Las Vegas50.21%
86%
Los Angeles50.68%
86%
Milwaukee52.29%
86%
Nashville52.00%
86%
New York52.26%
86%
Philadelphia52.71%
86%
San Antonio50.92%
86%
San Diego50.26%
86%
Washington52.44%
86%
Albuquerque51.12%
71%
Baltimore52.72%
71%
Columbus51.24%
71%
El Paso51.14%
71%
Fresno50.75%
71%
Louisville/Jefferson County metro government51.50%
71%
Memphis52.39%
71%
Oklahoma City51.01%
71%
Tucson50.18%
71%
Fort Worth50.52%
43%

Score Distribution

Percentile by Number Answered

Percent of People with Each Score

Your Score History

You have not taken this quiz since the last reset